Thư viện học đại cương phần 1 Những cơ sở lý thuyết của thư viện học

Gespeichert in:
Bibliographische Detailangaben
1. Verfasser: Nguyễn, Thị Thư
Format: Buch
Veröffentlicht: Hà Nội văn hóa thông tin 2004
Schlagworte:
Tags: Tag hinzufügen
Keine Tags, Fügen Sie den ersten Tag hinzu!
Thư viện lưu trữ: Trung tâm Học liệu Lê Vũ Hùng, Trường Đại học Đồng Tháp
LEADER 00909pam a22003018a 4500
001 00037337
005 20171026081025.0
008 170511s2004 ||||||Viesd
041 0 # |a Vie 
082 1 4 |a 020.7  |b TH550V 
100 1 # |a Nguyễn, Thị Thư 
245 1 0 |a Thư viện học đại cương  |c Nguyễn Thị Thư  |n phần 1  |p Những cơ sở lý thuyết của thư viện học 
260 # # |a Hà Nội  |c 2004  |b văn hóa thông tin 
300 # # |a 157tr.  |c 21cm. 
653 # # |a  đại cương 
653 # # |a Thư viện học 
653 # # |a Thư viện 
852 # # |b Kho mượn  |j KM.0022650 
852 # # |j KD.0021902  |j KM.0022650 
852 # # |b Kho đọc  |j KD.0021902 
910 |d 11/05/2017 
980 # # |a Trung tâm Học liệu Lê Vũ Hùng, Trường Đại học Đồng Tháp